[Event "2023 National K-12 Grade Championships"]
[Site "Orlando, Florida, United States"]
[Date "2023.12.17"]
[Round "7.22"]
[White "Goodrich, Elliot"]
[Black "Yue, Tariq"]
[Result "1/2-1/2"]
[TimeControl "G/90;d10"]
[WhiteElo "2051"]
[BlackElo "2047"]

1. Nf3 {[%clk 01:30:00]} Nf6 {[%clk 01:29:28]} 2. g3 {[%clk 01:30:00]} g6
{[%clk 01:29:21]} 3. b3 {[%clk 01:30:00]} b6 {[%clk 01:27:03]} 4. Bg2 {[%clk
01:29:09]} Bb7 {[%clk 01:27:00]} 5. O-O {[%clk 01:28:58]} Bg7 {[%clk 01:26:58]}
6. Bb2 {[%clk 01:28:40]} O-O {[%clk 01:26:57]} 7. Re1 {[%clk 01:25:39]} d6
{[%clk 01:25:43]} 8. d4 {[%clk 01:24:31]} c5 {[%clk 01:25:25]} 9. c4 {[%clk
01:21:40]} cxd4 {[%clk 01:22:21]} 10. Nxd4 {[%clk 01:18:12]} Bxg2 {[%clk
01:21:16]} 11. Kxg2 {[%clk 01:18:12]} Qd7 {[%clk 01:17:41]} 12. e4 {[%clk
01:10:49]} Nc6 {[%clk 01:11:36]} 13. Nf3 {[%clk 01:07:18]} Rfc8 {[%clk
01:02:27]} 14. Nc3 {[%clk 01:05:37]} Ng4 {[%clk 00:59:39]} 15. Qd2 {[%clk
01:01:24]} {[%emt 00:00:46]} Nge5 {[%clk 00:54:47]} {[%emt 00:04:26]} 16. Nxe5
{[%clk 01:00:21]} {[%emt 00:01:01]} Nxe5 {[%clk 00:54:14]} {[%emt 00:00:26]} 17.
Rad1 {[%clk 00:59:15]} {[%emt 00:03:04]} Qg4 {[%clk 00:51:23]} {[%emt
00:01:36]} 18. Qe3 {[%clk 00:53:41]} {[%emt 00:05:06]} Qh5 {[%clk 00:46:31]}
{[%emt 00:06:00]} 19. h3 {[%clk 00:51:06]} {[%emt 00:04:42]} Nc6 {[%clk
00:45:09]} 20. Ba1 {[%clk 00:47:37]} {[%emt 00:04:39]} Qc5 {[%clk 00:44:17]} 21.
Qd2 {[%clk 00:45:44]} {[%emt 00:00:50]} Qb4 {[%clk 00:38:14]} {[%emt 00:06:32]}
22. Qc1 {[%clk 00:41:13]} {[%emt 00:05:37]} e6 {[%clk 00:33:07]} {[%emt
00:05:04]} 23. Bb2 {[%clk 00:37:03]} {[%emt 00:03:29]} Rd8 {[%clk 00:26:45]}
{[%emt 00:06:22]} 24. f4 {[%clk 00:32:54]} {[%emt 00:05:12]} a6 {[%clk
00:23:47]} {[%emt 00:02:19]} 25. Qc2 {[%clk 00:28:48]} {[%emt 00:04:37]} b5
{[%clk 00:21:52]} {[%emt 00:04:59]} 26. a3 {[%clk 00:25:48]} Qc5 {[%clk
00:21:36]} {[%emt 00:00:07]} 27. cxb5 {[%clk 00:25:08]} {[%emt 00:01:51]} axb5
{[%clk 00:20:20]} {[%emt 00:00:47]} 28. Rc1 {[%clk 00:24:08]} {[%emt 00:01:12]}
Rdc8 {[%clk 00:14:55]} {[%emt 00:05:39]} 29. Qd3 {[%clk 00:22:18]} {[%emt
00:02:26]} Qb6 {[%clk 00:12:07]} {[%emt 00:02:03]} 30. b4 {[%clk 00:20:23]}
{[%emt 00:02:27]} Rab8 {[%clk 00:10:52]} {[%emt 00:01:06]} 31. Red1 {[%clk
00:18:20]} {[%emt 00:02:18]} Rd8 {[%clk 00:10:16]} {[%emt 00:00:37]} 32. h4
{[%clk 00:17:36]} {[%emt 00:01:10]} h5 {[%clk 00:09:21]} {[%emt 00:00:49]} 33.
Qf1 {[%clk 00:16:12]} {[%emt 00:02:19]} Ne7 {[%clk 00:08:41]} {[%emt 00:00:14]}
34. Qe2 {[%clk 00:15:37]} {[%emt 00:00:45]} Nc6 {[%clk 00:07:52]} {[%emt
00:01:13]} 35. Qf1 {[%clk 00:15:33]} Ne7 {[%clk 00:07:02]} {[%emt 00:00:51]} 36.
Qe2 {[%clk 00:12:36]} {[%emt 00:03:08]} Nc6 {[%clk 00:06:07]} {[%emt 00:01:07]}
37. Qf1 {[%emt 00:00:52]} Ne7 38. Qe2 Qb7 39. Kh2 Bxc3 40. Bxc3 d5 41. Bb2
{[%emt 00:00:22]} Qb6 42. Kg2 1/2-1/2

[Event "2023 National K-12 Grade Championships"]
[Site "Orlando, Florida, United States"]
[Date "2023.12.17"]
[Round "7.23"]
[White "Zhu, Linxi"]
[Black "Ratliff, Ryan"]
[Result "1-0"]
[TimeControl "G/90;d10"]
[WhiteElo "2100"]
[BlackElo "1715"]

1. e4 {[%clk 01:29:54]} {[%emt 00:00:15]} c6 {[%clk 01:30:00]} {[%emt
00:00:06]} 2. d4 {[%clk 01:29:54]} {[%emt 00:00:07]} d5 {[%clk 01:30:00]}
{[%emt 00:00:04]} 3. f3 {[%clk 01:29:54]} {[%emt 00:00:04]} Nd7 {[%clk
01:28:47]} {[%emt 00:01:23]} 4. Nc3 {[%clk 01:28:58]} {[%emt 00:01:06]} e6
{[%clk 01:28:33]} {[%emt 00:00:25]} 5. Be3 {[%clk 01:28:06]} {[%emt 00:01:01]}
Bb4 {[%clk 01:27:46]} {[%emt 00:00:58]} 6. Nh3 {[%clk 01:27:13]} {[%emt
00:01:02]} h6 {[%clk 01:26:57]} {[%emt 00:00:59]} 7. g3 {[%clk 01:26:03]}
{[%emt 00:01:20]} dxe4 {[%clk 01:25:24]} {[%emt 00:01:43]} 8. fxe4 {[%clk
01:26:03]} {[%emt 00:00:07]} Ngf6 {[%clk 01:25:18]} {[%emt 00:00:15]} 9. Bg2
{[%clk 01:25:56]} {[%emt 00:00:17]} Nb6 {[%clk 01:24:47]} {[%emt 00:00:40]} 10.
Qd3 {[%clk 01:23:17]} {[%emt 00:02:50]} O-O {[%clk 01:19:41]} {[%emt 00:05:17]}
11. O-O {[%clk 01:20:29]} {[%emt 00:02:58]} Re8 {[%clk 01:17:42]} {[%emt
00:02:08]} 12. Nf2 {[%clk 01:19:48]} {[%emt 00:00:52]} Qe7 {[%clk 01:13:47]}
{[%emt 00:04:04]} 13. e5 {[%clk 01:17:16]} {[%emt 00:02:43]} Nfd5 {[%clk
01:12:25]} {[%emt 00:01:31]} 14. Nxd5 {[%clk 01:17:02]} {[%emt 00:00:25]} cxd5
{[%clk 01:11:22]} {[%emt 00:01:13]} 15. a3 {[%clk 01:16:44]} {[%emt 00:00:28]}
Ba5 {[%clk 01:10:27]} {[%emt 00:01:05]} 16. b4 {[%clk 01:16:44]} {[%emt
00:00:05]} Bxb4 {[%clk 01:10:27]} {[%emt 00:00:09]} 17. axb4 {[%clk 01:16:44]}
{[%emt 00:00:03]} Nc4 {[%clk 01:09:49]} {[%emt 00:00:47]} 18. c3 {[%clk
01:16:10]} {[%emt 00:00:45]} Bd7 {[%clk 01:09:36]} {[%emt 00:00:23]} 19. Bf4
{[%clk 01:15:57]} {[%emt 00:00:23]} Bb5 {[%clk 01:08:55]} {[%emt 00:00:51]} 20.
Qc2 {[%clk 01:15:54]} {[%emt 00:00:13]} a6 {[%clk 01:04:43]} {[%emt 00:04:21]}
21. Rfe1 {[%clk 01:15:20]} {[%emt 00:00:45]} Rac8 {[%clk 01:03:21]} {[%emt
00:01:32]} 22. Nd3 {[%clk 01:13:11]} {[%emt 00:02:21]} b6 {[%clk 01:02:17]}
{[%emt 00:01:12]} 23. Nb2 {[%clk 01:13:05]} {[%emt 00:00:15]} Qc7 {[%clk
01:00:55]} {[%emt 00:01:33]} 24. Nxc4 {[%clk 01:12:29]} {[%emt 00:00:46]} Qxc4
{[%clk 00:58:47]} {[%emt 00:02:16]} 25. Rec1 {[%clk 01:11:53]} {[%emt
00:00:48]} Ra8 {[%clk 00:57:59]} {[%emt 00:00:58]} 26. Bf1 {[%clk 01:11:43]}
{[%emt 00:00:20]} Qc6 {[%clk 00:57:59]} {[%emt 00:00:07]} 27. Bxb5 {[%clk
01:11:43]} {[%emt 00:00:05]} Qxb5 {[%clk 00:57:58]} {[%emt 00:00:11]} 28. Rab1
{[%clk 01:05:05]} {[%emt 00:06:49]} Rec8 {[%clk 00:56:17]} {[%emt 00:01:50]} 29.
g4 {[%clk 01:04:20]} {[%emt 00:00:55]} Qd7 {[%clk 00:53:32]} {[%emt 00:02:55]}
30. g5 {[%clk 01:04:02]} {[%emt 00:00:28]} h5 {[%clk 00:51:26]} {[%emt
00:02:16]} 31. g6 {[%clk 01:03:08]} {[%emt 00:01:04]} b5 {[%clk 00:49:53]}
{[%emt 00:01:43]} 32. Kh1 {[%clk 01:02:58]} {[%emt 00:00:19]} Rf8 {[%clk
00:48:29]} {[%emt 00:01:35]} 33. Rf1 {[%clk 01:02:54]} {[%emt 00:00:13]} Qe7
{[%clk 00:47:28]} {[%emt 00:01:12]} 34. Qd3 {[%clk 01:02:06]} {[%emt 00:00:58]}
Rac8 {[%clk 00:45:10]} {[%emt 00:02:26]} 35. Rbc1 {[%clk 01:01:05]} {[%emt
00:01:13]} Kh8 {[%clk 00:42:48]} {[%emt 00:02:31]} 36. gxf7 {[%clk 00:57:27]}
{[%emt 00:03:49]} Rxf7 {[%clk 00:42:19]} {[%emt 00:00:39]} 37. Bd2 {[%clk
00:55:26]} {[%emt 00:02:11]} Rcf8 {[%clk 00:41:41]} {[%emt 00:00:47]} 38. Qh3
{[%clk 00:54:28]} {[%emt 00:01:09]} Kg8 {[%clk 00:41:04]} {[%emt 00:00:46]} 39.
Kg1 {[%clk 00:53:58]} {[%emt 00:00:41]} Rf5 {[%clk 00:38:22]} {[%emt 00:02:51]}
40. Rxf5 {[%clk 00:53:12]} {[%emt 00:00:56]} Rxf5 {[%clk 00:38:17]} {[%emt
00:00:16]} 41. Rf1 {[%clk 00:53:11]} {[%emt 00:00:10]} Rxf1+ {[%clk 00:37:37]}
{[%emt 00:00:51]} 42. Qxf1 {[%clk 00:51:41]} {[%emt 00:01:40]} Qe8 {[%clk
00:37:20]} {[%emt 00:00:27]} 43. Qf4 {[%clk 00:47:42]} {[%emt 00:04:09]} Qg6+
{[%clk 00:35:46]} {[%emt 00:01:45]} 44. Kf2 {[%clk 00:47:42]} {[%emt 00:00:06]}
Qd3 {[%clk 00:33:18]} {[%emt 00:02:37]} 45. Qe3 {[%clk 00:46:20]} {[%emt
00:01:33]} Qf5+ {[%clk 00:33:09]} {[%emt 00:00:19]} 46. Qf3 {[%clk 00:46:20]}
{[%emt 00:00:05]} Qc2 {[%clk 00:32:53]} {[%emt 00:00:24]} 47. Ke2 {[%clk
00:46:18]} {[%emt 00:00:13]} Qg6 {[%clk 00:32:41]} {[%emt 00:00:21]} 48. h4
{[%clk 00:45:38]} {[%emt 00:00:51]} Qh7 {[%clk 00:31:24]} {[%emt 00:01:26]} 49.
Qd3 {[%clk 00:44:58]} {[%emt 00:00:50]} Qxd3+ {[%clk 00:30:19]} {[%emt
00:01:15]} 50. Kxd3 {[%clk 00:44:58]} {[%emt 00:00:02]} Kf7 {[%clk 00:30:11]}
{[%emt 00:00:19]} 51. Ke3 {[%clk 00:44:44]} {[%emt 00:00:25]} g6 {[%clk
00:30:02]} {[%emt 00:00:18]} 52. Kf4 {[%clk 00:44:44]} {[%emt 00:00:06]} Kg7
{[%clk 00:30:02]} {[%emt 00:00:03]} 53. Kg5 {[%clk 00:44:44]} {[%emt 00:00:04]}
Kf7 {[%clk 00:30:02]} {[%emt 00:00:07]} 54. Kh6 {[%clk 00:44:44]} {[%emt
00:00:03]} Kg8 {[%clk 00:30:02]} {[%emt 00:00:09]} 55. Kxg6 {[%clk 00:44:44]}
{[%emt 00:00:05]} Kf8 {[%clk 00:30:02]} {[%emt 00:00:06]} 56. Kxh5 {[%clk
00:44:44]} {[%emt 00:00:05]} Kg7 {[%clk 00:30:02]} {[%emt 00:00:04]} 57. Kg5
{[%clk 00:44:31]} {[%emt 00:00:22]} Kh7 {[%clk 00:30:02]} {[%emt 00:00:10]} 58.
Kf6 {[%emt 00:00:05]} Kg8 {[%clk 00:30:02]} {[%emt 00:00:04]} 59. Kxe6 {[%clk
00:44:31]} {[%emt 00:00:03]} Kf8 {[%clk 00:30:02]} {[%emt 00:00:04]} 60. Kd7
{[%clk 00:44:31]} {[%emt 00:00:04]} Kf7 {[%clk 00:30:02]} {[%emt 00:00:04]} 61.
e6 {[%clk 00:43:59]} {[%emt 00:00:42]} Kf6 {[%clk 00:29:59]} {[%emt 00:00:13]}
62. e7 {[%clk 00:43:59]} {[%emt 00:00:04]} Kg7 {[%clk 00:29:55]} {[%emt
00:00:14]} 63. e8=Q {[%clk 00:43:59]} {[%emt 00:00:06]} a5 {[%clk 00:29:55]}
{[%emt 00:00:09]} 64. Ke6 {[%clk 00:43:59]} {[%emt 00:00:08]} axb4 {[%clk
00:29:55]} {[%emt 00:00:09]} 65. Qf7+ {[%clk 00:43:59]} {[%emt 00:00:04]} Kh8
{[%clk 00:29:55]} {[%emt 00:00:09]} 66. Bh6 {[%clk 00:43:59]} {[%emt 00:00:06]}
bxc3 {[%clk 00:29:17]} {[%emt 00:00:48]} 67. Qg7# {[%clk 00:43:59]} {[%emt
00:00:09]} 1-0

[Event "2023 National K-12 Grade Championships"]
[Site "Orlando, Florida, United States"]
[Date "2023.12.17"]
[Round "7.25"]
[White "Manchanda, Advik"]
[Black "Schaefer, Sasha"]
[Result "0-1"]
[TimeControl "G/90;d10"]
[WhiteElo "1695"]
[BlackElo "1754"]

1. e4 {[%clk 01:30:00]} {[%emt 00:00:01]} c6 {[%clk 01:30:00]} {[%emt
00:00:03]} 2. d4 {[%clk 01:30:00]} {[%emt 00:00:06]} d5 {[%clk 01:30:00]}
{[%emt 00:00:03]} 3. f3 {[%clk 01:30:00]} {[%emt 00:00:06]} Qb6 {[%clk
01:30:00]} {[%emt 00:00:05]} 4. Nc3 {[%clk 01:29:49]} {[%emt 00:00:20]} dxe4
{[%clk 01:30:00]} {[%emt 00:00:05]} 5. fxe4 {[%clk 01:29:47]} {[%emt 00:00:12]}
e5 {[%clk 01:30:00]} {[%emt 00:00:04]} 6. Nf3 {[%clk 01:28:27]} {[%emt
00:01:30]} exd4 {[%clk 01:30:00]} {[%emt 00:00:05]} 7. Nxd4 {[%clk 01:27:19]}
{[%emt 00:01:18]} h5 {[%clk 01:30:00]} {[%emt 00:00:04]} 8. Be2 {[%clk
01:26:52]} {[%emt 00:00:37]} Bg4 {[%clk 01:19:42]} {[%emt 00:10:30]} 9. h3
{[%clk 01:25:01]} {[%emt 00:01:58]} Bxe2 {[%clk 01:17:28]} {[%emt 00:02:25]} 10.
Ncxe2 {[%clk 01:24:56]} {[%emt 00:00:16]} Nd7 {[%clk 01:15:18]} {[%emt
00:02:20]} 11. O-O {[%clk 01:24:53]} {[%emt 00:00:13]} Ngf6 {[%clk 01:14:05]}
{[%emt 00:01:23]} 12. c3 {[%clk 01:23:51]} {[%emt 00:01:11]} O-O-O {[%clk
01:12:25]} {[%emt 00:01:51]} 13. Bg5 {[%clk 01:22:38]} {[%emt 00:01:22]} Re8
{[%clk 01:10:17]} {[%emt 00:02:19]} 14. Bxf6 {[%clk 01:20:46]} {[%emt
00:02:00]} Nxf6 {[%clk 01:10:04]} {[%emt 00:00:25]} 15. Qc2 {[%clk 01:20:35]}
{[%emt 00:00:20]} Bd6 {[%clk 01:05:54]} {[%emt 00:04:20]} 16. Kh1 {[%clk
01:19:31]} {[%emt 00:01:15]} Be5 {[%clk 01:04:27]} {[%emt 00:01:36]} 17. Rad1
{[%clk 01:19:10]} {[%emt 00:00:30]} Qc7 {[%clk 01:00:38]} {[%emt 00:04:01]} 18.
b4 {[%clk 01:17:50]} {[%emt 00:01:29]} g6 {[%clk 00:53:31]} {[%emt 00:07:17]}
19. a4 {[%clk 01:17:39]} {[%emt 00:00:20]} Re7 {[%clk 00:51:27]} {[%emt
00:02:14]} 20. b5 {[%clk 01:16:57]} {[%emt 00:00:53]} c5 {[%clk 00:50:44]}
{[%emt 00:00:53]} 21. Nf3 {[%clk 01:16:41]} {[%emt 00:00:19]} Rhe8 {[%clk
00:45:43]} {[%emt 00:05:19]} 22. Rde1 {[%clk 01:16:02]} {[%emt 00:00:45]} Bd6
{[%clk 00:40:35]} {[%emt 00:05:22]} 23. e5 {[%clk 01:14:40]} {[%emt 00:01:32]}
Bxe5 {[%clk 00:40:21]} {[%emt 00:00:25]} 24. a5 {[%clk 01:13:25]} {[%emt
00:01:23]} Nd5 {[%clk 00:38:05]} {[%emt 00:02:26]} 25. Qd3 {[%clk 01:12:24]}
{[%emt 00:01:09]} Nf4 {[%clk 00:36:23]} {[%emt 00:04:02]} 26. Nxf4 {[%clk
01:12:11]} {[%emt 00:00:23]} Bxf4 {[%clk 00:36:23]} {[%emt 00:00:05]} 27. Rxe7
{[%clk 01:11:58]} {[%emt 00:00:23]} Rxe7 {[%clk 00:34:28]} {[%emt 00:02:05]} 28.
a6 {[%clk 01:11:30]} {[%emt 00:00:37]} Qd6 {[%clk 00:28:32]} {[%emt 00:06:06]}
29. axb7+ {[%clk 01:10:52]} {[%emt 00:00:48]} Kxb7 {[%clk 00:27:53]} {[%emt
00:00:49]} 30. Qc4 {[%clk 01:10:10]} {[%emt 00:00:49]} Rd7 {[%clk 00:24:16]}
{[%emt 00:03:50]} 31. b6 {[%clk 01:09:09]} {[%emt 00:01:12]} Qd3 {[%clk
00:21:55]} {[%emt 00:02:31]} 32. Qxd3 {[%clk 01:08:47]} {[%emt 00:00:32]} Rxd3
{[%clk 00:21:55]} {[%emt 00:00:03]} 33. Ne1 {[%clk 01:08:16]} {[%emt 00:00:39]}
Rd1 {[%emt 00:01:54]} 34. Rxf4 {[%emt 00:00:10]} Rxe1+ {[%clk 00:19:56]} {[%emt
00:00:06]} 35. Kh2 {[%clk 01:08:16]} {[%emt 00:00:07]} f5 {[%clk 00:19:23]}
{[%emt 00:00:44]} 36. bxa7 {[%clk 01:08:12]} {[%emt 00:00:13]} Kxa7 {[%clk
00:18:32]} {[%emt 00:01:01]} 37. g4 {[%clk 01:07:50]} {[%emt 00:00:33]} hxg4
{[%clk 00:17:01]} {[%emt 00:01:41]} 38. hxg4 {[%clk 01:07:50]} {[%emt
00:00:04]} fxg4 {[%clk 00:15:09]} {[%emt 00:02:02]} 39. Rxg4 {[%clk 01:07:50]}
{[%emt 00:00:04]} Re6 {[%clk 00:15:04]} {[%emt 00:00:15]} 40. Kg2 {[%clk
01:06:44]} {[%emt 00:01:31]} Kb6 {[%clk 00:14:28]} {[%emt 00:00:45]} 41. Kf2
{[%clk 01:06:40]} {[%emt 00:00:12]} Kb5 {[%clk 00:14:15]} {[%emt 00:00:24]} 42.
Kf3 {[%clk 01:06:35]} {[%emt 00:00:15]} c4 {[%clk 00:13:41]} {[%emt 00:00:45]}
43. Rd4 {[%clk 01:06:17]} {[%emt 00:00:26]} Re1 {[%clk 00:11:43]} {[%emt
00:02:09]} 44. Kg4 {[%clk 01:06:01]} {[%emt 00:00:26]} Re3 {[%clk 00:10:54]}
{[%emt 00:01:00]} 45. Kg5 {[%clk 01:05:57]} {[%emt 00:00:14]} Rxc3 {[%clk
00:10:45]} {[%emt 00:00:18]} 46. Kxg6 {[%clk 01:05:57]} {[%emt 00:00:06]} Rd3
{[%clk 00:10:13]} {[%emt 00:00:42]} 47. Re4 {[%clk 01:05:50]} {[%emt 00:00:17]}
Rd5 {[%clk 00:09:38]} {[%emt 00:00:45]} 48. Kf6 {[%clk 01:05:41]} {[%emt
00:00:19]} Rc5 {[%clk 00:09:38]} {[%emt 00:00:10]} 49. Re1 {[%clk 01:05:35]}
{[%emt 00:00:15]} c3 {[%clk 00:09:35]} {[%emt 00:00:14]} 50. Rc1 {[%clk
01:05:35]} {[%emt 00:00:06]} c2 {[%clk 00:09:26]} {[%emt 00:00:20]} 51. Ke6
{[%clk 01:05:35]} {[%emt 00:00:06]} Kb4 {[%clk 00:09:25]} {[%emt 00:00:11]} 52.
Kd6 {[%clk 01:05:32]} {[%emt 00:00:11]} Rc3 {[%clk 00:09:15]} {[%emt 00:00:21]}
53. Kd5 {[%clk 01:05:05]} {[%emt 00:00:37]} Kb3 {[%clk 00:09:10]} {[%emt
00:00:16]} 54. Kd4 {[%clk 01:05:05]} {[%emt 00:00:08]} Kb2 {[%clk 00:09:02]}
{[%emt 00:00:18]} 55. Re1 {[%clk 01:05:02]} {[%emt 00:00:12]} c1=Q {[%clk
00:07:44]} {[%emt 00:00:24]} 56. Rxc1 {[%clk 01:05:02]} {[%emt 00:01:08]} Rxc1
{[%clk 00:07:41]} {[%emt 00:00:13]} 57. Kd3 {[%clk 01:05:02]} {[%emt 00:00:03]}
Kb3 {[%clk 00:04:58]} {[%emt 00:02:54]} 58. Kd4 {[%clk 01:04:56]} {[%emt
00:00:15]} Rc3 {[%clk 00:04:58]} {[%emt 00:00:02]} 59. Kd5 {[%clk 01:04:46]}
{[%emt 00:00:19]} Rc4 {[%clk 00:04:58]} {[%emt 00:00:03]} 60. Kd6 {[%clk
01:03:59]} {[%emt 00:00:57]} Kb4 {[%clk 00:04:58]} 61. Kd7 {[%clk 01:03:59]}
{[%emt 00:00:06]} Kb5 {[%clk 00:04:58]} {[%emt 00:00:03]} 62. Kd6 {[%clk
01:03:59]} {[%emt 00:00:05]} Rc5 {[%clk 00:04:58]} {[%emt 00:00:01]} 63. Kd7
{[%clk 01:03:59]} {[%emt 00:00:02]} Rc6 {[%clk 00:04:58]} {[%emt 00:00:01]} 64.
Ke7 {[%clk 01:03:59]} {[%emt 00:00:07]} Kc5 {[%clk 00:04:58]} {[%emt 00:00:04]}
65. Kd7 {[%clk 01:03:59]} {[%emt 00:00:06]} Kd5 {[%clk 00:04:58]} {[%emt
00:00:01]} 66. Ke7 {[%clk 01:03:59]} {[%emt 00:00:02]} Rd6 {[%clk 00:04:58]}
{[%emt 00:00:01]} 67. Kf7 {[%clk 01:03:57]} {[%emt 00:00:12]} Re6 {[%clk
00:04:58]} {[%emt 00:00:03]} 68. Kf8 {[%clk 01:03:57]} {[%emt 00:00:05]} Ke5
{[%clk 00:04:57]} {[%emt 00:00:11]} 69. Kf7 {[%clk 01:03:57]} {[%emt 00:00:02]}
Kf5 {[%clk 00:04:57]} {[%emt 00:00:03]} 70. Kg7 {[%clk 01:03:57]} {[%emt
00:00:07]} Rf6 {[%clk 00:04:57]} {[%emt 00:00:02]} 71. Kh7 {[%clk 01:03:57]}
{[%emt 00:00:05]} Rg6 {[%clk 00:04:57]} {[%emt 00:00:03]} 72. Kh8 {[%clk
01:03:57]} Kf6 {[%clk 00:04:57]} {[%emt 00:00:06]} 73. Kh7 {[%clk 01:03:57]}
Rg1 {[%clk 00:04:57]} {[%emt 00:00:03]} 74. Kh8 {[%clk 01:03:57]} {[%emt
00:00:08]} Kf7 {[%clk 00:04:57]} {[%emt 00:00:02]} 75. Kh7 {[%clk 01:03:54]}
{[%emt 00:00:12]} Rh1 {[%clk 00:04:57]} {[%emt 00:00:03]} 0-1

[Event "2023 National K-12 Grade Championships"]
[Site "Orlando, Florida, United States"]
[Date "2023.12.17"]
[Round "7.26"]
[White "Sha, Yi"]
[Black "Yu, Nicole"]
[Result "0-1"]
[TimeControl "G/90;d10"]
[WhiteElo "1907"]
[BlackElo "1467"]

1. d4 {[%clk 01:30:00]} d5 {[%clk 01:29:55]} 2. c4 {[%clk 01:29:51]} e6 {[%clk
01:29:49]} 3. Nc3 {[%clk 01:29:38]} Nf6 {[%clk 01:29:49]} {[%emt 00:29:07]} 4.
Nf3 {[%clk 01:29:25]} c6 {[%clk 01:29:34]} 5. e3 {[%clk 01:29:13]} Bd6 {[%clk
01:28:07]} 6. Bd3 {[%clk 01:28:42]} O-O {[%clk 01:27:51]} 7. e4 {[%clk
01:27:05]} dxe4 {[%clk 01:27:09]} 8. Nxe4 {[%clk 01:26:22]} Nxe4 {[%clk
01:26:55]} 9. Bxe4 {[%clk 01:26:09]} Nd7 {[%clk 01:26:47]} 10. O-O {[%clk
01:23:47]} h6 {[%clk 01:26:19]} 11. Bc2 {[%clk 01:22:55]} e5 {[%clk 01:25:42]}
12. c5 {[%clk 01:17:38]} Bc7 {[%clk 01:25:20]} 13. Qd3 {[%clk 01:16:41]} Nf6
{[%clk 01:22:51]} 14. dxe5 {[%clk 01:13:31]} Qxd3 {[%clk 01:21:42]} 15. Bxd3
{[%clk 01:13:30]} Nd7 {[%clk 01:21:28]} 16. Be3 {[%clk 01:11:08]} Nxe5 {[%clk
01:20:46]} 17. Be2 {[%clk 01:10:10]} Bf5 {[%clk 01:19:59]} 18. Rfd1 {[%clk
01:07:38]} Rad8 {[%clk 01:19:09]} 19. Nd4 {[%clk 01:03:56]} Bh7 {[%clk
01:17:52]} {[%emt 00:01:40]} 20. b4 {[%clk 00:59:40]} {[%emt 00:04:33]} Nd7
{[%clk 01:14:49]} {[%emt 00:03:16]} 21. Rac1 {[%clk 00:57:13]} {[%emt
00:01:58]} Nf6 {[%clk 01:14:18]} {[%emt 00:01:12]} 22. b5 {[%clk 00:52:30]}
{[%emt 00:04:34]} cxb5 {[%clk 01:12:11]} {[%emt 00:02:26]} 23. Nxb5 {[%clk
00:50:53]} {[%emt 00:02:14]} Bb8 {[%clk 01:11:35]} 24. Nd6 {[%clk 00:39:10]}
{[%emt 00:18:33]} Rd7 {[%clk 01:07:24]} 25. Bf3 {[%clk 00:35:39]} {[%emt
00:04:26]} b6 {[%clk 01:01:59]} {[%emt 00:05:50]} 26. Bc6 {[%clk 00:28:43]}
{[%emt 00:07:38]} Rdd8 {[%clk 00:57:59]} {[%emt 00:02:43]} 27. Nb7 {[%clk
00:26:45]} {[%emt 00:01:47]} Rxd1+ {[%clk 00:57:05]} {[%emt 00:01:22]} 28. Rxd1
{[%clk 00:25:29]} {[%emt 00:01:09]} bxc5 {[%clk 00:56:36]} {[%emt 00:00:27]} 29.
Nxc5 {[%clk 00:25:03]} {[%emt 00:00:39]} Rc8 {[%clk 00:53:37]} {[%emt
00:05:01]} 30. Na6 {[%emt 00:04:05]} Be5 {[%clk 00:50:28]} 31. Bb7 {[%clk
00:21:58]} {[%emt 00:00:44]} Re8 {[%clk 00:49:10]} {[%emt 00:03:01]} 32. Bxa7
{[%clk 00:19:18]} {[%emt 00:02:07]} Bc2 {[%clk 00:45:56]} {[%emt 00:04:16]} 33.
Rc1 {[%clk 00:17:46]} {[%emt 00:00:14]} Bb2 {[%clk 00:44:06]} {[%emt 00:02:19]}
34. Rf1 {[%clk 00:17:28]} Bd3 {[%clk 00:43:48]} {[%emt 00:00:59]} 35. Rd1
{[%clk 00:17:05]} Bxa6 {[%clk 00:43:21]} {[%emt 00:00:37]} 36. Bxa6 {[%clk
00:15:47]} {[%emt 00:02:11]} Ra8 {[%clk 00:42:56]} 37. Bc4 {[%clk 00:15:09]}
{[%emt 00:02:26]} Rxa7 {[%clk 00:42:28]} 38. Rb1 {[%clk 00:14:45]} Bd4 {[%clk
00:40:13]} {[%emt 00:02:32]} 39. Rd1 {[%clk 00:12:48]} {[%emt 00:01:55]} Rd7
{[%clk 00:39:36]} {[%emt 00:01:24]} 40. Kf1 {[%clk 00:11:51]} {[%emt 00:00:03]}
Ng4 {[%clk 00:38:44]} {[%emt 00:01:35]} 41. h3 {[%emt 00:05:00]} Nxf2 {[%clk
00:37:02]} 42. Rb1 {[%clk 00:10:02]} {[%emt 00:01:24]} Be3 {[%clk 00:34:42]}
{[%emt 00:01:58]} 43. Ke2 {[%clk 00:09:13]} {[%emt 00:00:59]} Re7 {[%clk
00:33:51]} {[%emt 00:01:23]} 44. Rb8+ {[%clk 00:08:18]} {[%emt 00:01:21]} Kh7
{[%clk 00:33:51]} 45. Kf3 {[%clk 00:08:03]} Ba7 {[%clk 00:32:50]} {[%emt
00:01:05]} 46. Rb3 {[%clk 00:07:50]} {[%emt 00:00:40]} g6 {[%clk 00:31:31]}
{[%emt 00:01:28]} 47. Bd5 {[%clk 00:07:13]} {[%emt 00:02:06]} Nd1 {[%clk
00:30:30]} 48. Be4 {[%clk 00:06:18]} {[%emt 00:00:59]} f5 {[%clk 00:29:45]}
{[%emt 00:01:34]} 0-1